France : les cambriolages par départements - Statistiques

Statistiques générales
  • Ce quiz a été pris 45 fois
  • Le résultat moyen est 10 sur 15
Statistiques - réponses
Hint Réponse % Correct
9 à 11.5 (5) Seine-Saint-Denis | Vaucluse | Rhône | Guyane | Bouches-du-Rhône
86%
8 à 8.9 (6) Isère | Haute-Garonne | Val-de-Marne | Gironde | Paris | Loire-Atlantique
80%
3.5 à 3.9 (10) Mayenne | Bas-Rhin | Finistère | Ardèche | Pyrénées-Atlantiques | Moselle | Eure-et-Loir | Alpes-de-Haute-Provence | Allier | Indre
73%
4.5 à 4.9 (17) Oise | Meuse | Alpes-Maritimes | Saône-et-Loire | Dordogne | Haute-Vienne | Pas-de-Calais | Morbihan | Ille-et-Vilaine | Haute-Marne | Eure | Ardennes | Landes | Yonne | Tarn | Loiret | Loir-et-Cher
73%
3.1 à 3.4 (12) Ariège | Creuse | Doubs | Haute-Saône | Martinique | Vendée | Savoie | Côtes d'Armor | Haute-Loire | Somme | Vosges | Meurthe-et-Moselle
70%
1.5 à 2.5 (5) Cantal | Aveyron | Manche | Hautes-Alpes | Réunion
68%
Moins de 1.5 (3) Haute-Corse | Lozère | Corse-du-Sud
66%
5.5 à 5.9 (6) Lot-et-Garonne | Aube | Hérault | Aude | Var | Sarthe
66%
7 à 7.4 (4) Nord | Yvelines | Essonne | Seine-et-Marne
66%
2.6 à 3 (6) Corrèze | Lot | Calvados | Hautes-Pyrénées | Jura | Belfort
64%
4 à 4.4 (12) Haut-Rhin | Seine-Maritime | Deux-Sèvres | Maine-et-Loire | Pyrénées-Orientales | Gers | Orne | Guadeloupe | Côte d'Or | Charente | Nièvre | Hauts-de-Seine
64%
7.5 à 7.9 (2) Val-d'Oise | Ain
57%
6 à 6.4 (3) Gard | Loire | Aisne
55%
5 à 5.4 (7) Marne | Charente-Maritime | Tarn-et-Garonne | Indre-et-Loire | Haute-Savoie | Vienne | Cher
55%
6.5 à 6.9 (2) Drôme | Puy-de-Dôme
39%
Aucun quiz correspondant
Distribution des résultats
% des personnes avec chaque résultat
Percentile par nombre de réponses
Votre historique - résultats
Vous n’avez pas pris ce quiz